[Event "Titled Tuesday intern op 30th Apr Early"]
[Site "Chess.com INT"]
[Date "2024.04.30"]
[Round "4"]
[White "Xiong, Jeffery"]
[Black "Lorenzo de la Riva, Lazaro"]
[Result "1-0"]
[WhiteElo "2646"]
[BlackElo "2417"]
[PlyCount "63"]
[EventDate "2024.04.30"]
[EventType "swiss (blitz)"]
[EventRounds "11"]
[EventCountry "USA"]
[SourceTitle "CB19_2024"]
[SourceDate "2024.05.08"]
[SourceVersion "1"]
[SourceVersionDate "2024.05.08"]
[SourceQuality "1"]

1. b4 e6 2. Bb2 Nf6 3. a3 d5 4. e3 Be7 5. g4 0-0 6. g5 Ne4 7. d3 Nd6 8. h4 a5 9. Nd2 axb4 10. axb4 Na6 11. Ngf3 Bd7 12. Ne5 f6 13. Nxd7 Qxd7 14. Bh3 Kh8 15. Qg4 Nf5 16. e4 dxe4 17. Nxe4 Bxb4+ 18. Kf1 Be7 19. gxf6 gxf6 20. Qg5 Nd4 21. Qf4 c5 22. Rg1 Qd5 23. Bxd4 Qxd4 24. Rb1 Nb4 25. Bxe6 f5 26. Bxf5 Nxd3 27. cxd3 Qxd3+ 28. Kg2 Rxf5 29. Qxf5 Rg8+ 30. Kh1 Rf8 31. Qg4 Rf4 32. Qg8# 1-0

[Event "Titled Tuesday intern op 02nd Apr Early"]
[Site "Chess.com INT"]
[Date "2024.04.02"]
[Round "2"]
[White "Le, Tuan Minh"]
[Black "Lorenzo de la Riva, Lazaro"]
[Result "1-0"]
[WhiteElo "2567"]
[BlackElo "2417"]
[PlyCount "111"]
[EventDate "2024.04.02"]
[EventType "swiss (blitz)"]
[EventRounds "11"]
[EventCountry "USA"]
[SourceTitle "CB15_2024"]
[SourceDate "2024.04.10"]
[SourceVersion "1"]
[SourceVersionDate "2024.04.10"]
[SourceQuality "1"]

1. d4 Nf6 2. Nf3 d5 3. Bf4 c5 4. c3 Nc6 5. e3 Qb6 6. Qc2 cxd4 7. exd4 Bf5 8. Qb3 e6 9. Nbd2 Be7 10. Be2 h6 11. 0-0 0-0 12. Rfe1 Ne4 13. h3 Bh7 14. Bf1 g5 15. Bh2 f5 16. Bd3 Qxb3 17. Nxb3 f4 18. Nfd2 Nxd2 19. Bxh7+ Kxh7 20. Nxd2 Rf6 21. Re2 Bd6 22. Rae1 Re8 23. g3 e5 24. dxe5 Nxe5 25. gxf4 gxf4 26. Kh1 Rf5 27. Nb3 Rg8 28. Nd4 Rh5 29. Rg1 Rxh3 30. Rxg8 Kxg8 31. Kg2 Rh4 32. f3 Kf7 33. Nf5 Rxh2+ 34. Kxh2 Bc7 35. Kg2 Kf6 36. Nxh6 Kg5 37. Ng4 Nxg4 38. fxg4 Kxg4 39. Re7 f3+ 40. Kf1 Bb6 41. Rxb7 Kf4 42. Re7 Kg3 43. a4 a5 44. Re5 d4 45. cxd4 Bxd4 46. Rxa5 Bxb2 47. Rd5 Bc3 48. a5 Bf6 49. a6 Bh4 50. a7 f2 51. a8Q Kh3 52. Rd3+ Bg3 53. Qg2+ Kg4 54. Rf3 Kh5 55. Rxg3 Kh6 56. Qh2# 1-0

[Event "Titled Tuesday intern op 13th Feb Early"]
[Site "Chess.com INT"]
[Date "2024.02.13"]
[Round "2"]
[White "Lorenzo de la Riva, Lazaro"]
[Black "Hernandez Jimenez, Jeronimo"]
[Result "0-1"]
[WhiteElo "2426"]
[BlackElo "2160"]
[PlyCount "130"]
[EventDate "2024.02.13"]
[EventType "swiss (blitz)"]
[EventRounds "11"]
[EventCountry "USA"]
[SourceTitle "CB08_2024"]
[SourceDate "2024.02.21"]
[SourceVersion "1"]
[SourceVersionDate "2024.02.21"]
[SourceQuality "1"]

1. e4 e5 2. Nf3 Nf6 3. Nc3 Nc6 4. Bc4 Bc5 5. 0-0 d6 6. h3 h6 7. d3 g5 8. Nh2 Rg8 9. Be3 Bb6 10. a4 h5 11. Rb1 h4 12. b4 g4 13. a5 Bd4 14. Bxd4 Nxd4 15. hxg4 Bxg4 16. Nxg4 Nxg4 17. Nd5 h3 18. g3 Qg5 19. Qxg4 Qxg4 20. Nf6+ Ke7 21. Nxg4 Nf3+ 22. Kh1 Rxg4 23. Rfe1 Nxe1 24. Rxe1 Rf8 25. Bd5 c6 26. Bb3 f5 27. exf5 Rxf5 28. Re2 Rxb4 29. f4 Kf6 30. fxe5+ dxe5 31. Kh2 Rb5 32. a6 bxa6 33. Bc4 Rc5 34. Bxa6 Ra5 35. Bc4 Ra3 36. Bb3 a5 37. Re4 Rf3 38. Rc4 Kg5 39. Rc5 Kf5 40. Rxc6 Ra1 41. Be6+ Kg5 42. Kxh3 Rf2 43. Bd5 Rc1 44. Rc8 Rcxc2 45. Rg8+ Kf6 46. Rf8+ Ke7 47. Ra8 Rc5 48. Be4 Rf6 49. Kg4 Rf8 50. Ra7+ Kd6 51. Ra6+ Kc7 52. Ra7+ Kb6 53. Rb7+ Ka6 54. Re7 Rf6 55. Rb7 Rb6 56. Rd7 a4 57. d4 exd4 58. Rxd4 Ka5 59. Rd8 Rb4 60. Kf3 Rc3+ 61. Kf4 Rcc4 62. Re8 a3 63. Ra8+ Kb6 64. Rb8+ Kc5 65. Rxb4 Rxb4 0-1

[Event "Catalunya-chT Gp2"]
[Site "Barcelona"]
[Date "2024.02.10"]
[Round "4.3"]
[White "Ventura Bolet, Maxim"]
[Black "Lorenzo de la Riva, Lazaro"]
[Result "1-0"]
[WhiteElo "2233"]
[BlackElo "2419"]
[PlyCount "77"]
[EventDate "2024.01.20"]
[EventType "team-tourn"]
[EventRounds "7"]
[EventCountry "ESP"]
[SourceTitle "CB11_2024"]
[SourceDate "2024.03.13"]
[SourceVersion "1"]
[SourceVersionDate "2024.03.13"]
[SourceQuality "1"]
[WhiteTeam "Vila Olimpica"]
[BlackTeam "Barbera"]
[WhiteTeamCountry "ESP"]
[BlackTeamCountry "ESP"]

1. Nf3 b6 2. g3 Bb7 3. Bg2 f5 4. 0-0 Nf6 5. c4 g6 6. d4 Bg7 7. d5 0-0 8. Nc3 Qe8 9. Bf4 Na6 10. Rb1 h6 11. b4 g5 12. Be5 c5 13. b5 Nb8 14. d6 e6 15. e3 a6 16. Nd2 Bxg2 17. Kxg2 h5 18. Nf3 Qg6 19. h4 gxh4 20. Nxh4 Qf7 21. Qf3 Ra7 22. a4 Ng4 23. Bxg7 Qxg7 24. a5 axb5 25. axb6 Ra3 26. Nxb5 Ra4 27. Nc7 Rxc4 28. Rfc1 Nxe3+ 29. Qxe3 Rxh4 30. Rxc5 Rg4 31. Nxe6 dxe6 32. Qxe6+ Kh7 33. Rc7 Re4 34. Rxg7+ Kxg7 35. Qd5 Ree8 36. b7 Nd7 37. Rc1 Kg6 38. Rc8 Nf6 39. Qc6 1-0

[Event "Titled Tuesday intern op 06th Feb Early"]
[Site "Chess.com INT"]
[Date "2024.02.06"]
[Round "3"]
[White "Gavrilescu, David"]
[Black "Lorenzo de la Riva, Lazaro"]
[Result "1-0"]
[WhiteElo "2524"]
[BlackElo "2426"]
[PlyCount "93"]
[EventDate "2024.02.06"]
[EventType "swiss (blitz)"]
[EventRounds "11"]
[EventCountry "USA"]
[SourceTitle "CB07_2024"]
[SourceDate "2024.02.14"]
[SourceVersion "1"]
[SourceVersionDate "2024.02.14"]
[SourceQuality "1"]

1. e4 c5 2. Nf3 d6 3. d4 cxd4 4. Qxd4 a6 5. h3 Nf6 6. Be2 Nc6 7. Qe3 g6 8. 0-0 Bg7 9. Rd1 Nd7 10. c4 0-0 11. Nc3 b6 12. b3 Bb7 13. Bb2 Rc8 14. Rac1 Nc5 15. Ba1 Kh8 16. Nd5 Bxa1 17. Rxa1 e5 18. Rd2 Rb8 19. Rad1 Ne6 20. Qxb6 Ncd4 21. Qxd8 Rfxd8 22. Nxd4 Nxd4 23. Nc3 f5 24. exf5 gxf5 25. Bf1 Rg8 26. Kh2 f4 27. Rxd4 exd4 28. Rxd4 f3 29. g4 Rg6 30. Bd3 Rf6 31. Kg3 h6 32. Be4 Re6 33. Bxb7 Rxb7 34. Ne4 Rb6 35. Kxf3 a5 36. Kg3 a4 37. bxa4 Rb4 38. Nxd6 Rxa4 39. Nf5 Rxa2 40. Rd8+ Kh7 41. Rd7+ Kh8 42. c5 Rc2 43. Nd4 Rc3+ 44. f3 Rf6 45. c6 Rc4 46. c7 Rf8 47. Ne6 1-0

[Event "Titled Tuesday intern op 06th Feb Early"]
[Site "Chess.com INT"]
[Date "2024.02.06"]
[Round "5"]
[White "Lorenzo de la Riva, Lazaro"]
[Black "Silva Lucena, Cristian"]
[Result "1-0"]
[WhiteElo "2426"]
[BlackElo "2340"]
[PlyCount "115"]
[EventDate "2024.02.06"]
[EventType "swiss (blitz)"]
[EventRounds "11"]
[EventCountry "USA"]
[SourceTitle "CB07_2024"]
[SourceDate "2024.02.14"]
[SourceVersion "1"]
[SourceVersionDate "2024.02.14"]
[SourceQuality "1"]

1. e4 c6 2. d4 d5 3. Nc3 dxe4 4. Bc4 Nf6 5. f3 e3 6. Bxe3 g6 7. Qd2 Bg7 8. 0-0-0 0-0 9. h4 b5 10. Bb3 a5 11. a4 b4 12. Ne4 Nd5 13. Bh6 Qc7 14. Ne2 Ba6 15. Rde1 Bxe2 16. Rxe2 Bxh6 17. Qxh6 Qf4+ 18. Qxf4 Nxf4 19. Rd2 Nd7 20. g3 Nd5 21. Re1 Kg7 22. Rde2 e6 23. Nd6 Ra7 24. h5 Rc7 25. hxg6 hxg6 26. Rh2 N7f6 27. Reh1 Rd7 28. Nc4 Ra7 29. Ne5 Rc7 30. g4 c5 31. dxc5 Rxc5 32. g5 Nh5 33. Nd7 Rfc8 34. Nxc5 Rxc5 35. Bxd5 Rxd5 36. Rg1 Rf5 37. Rf2 Nf4 38. Rg4 Nh3 39. Rfg2 Rxf3 40. R4g3 Rf1+ 41. Kd2 Rh1 42. Rf3 e5 43. c3 Nf4 44. Rgf2 bxc3+ 45. Kxc3 Rc1+ 46. Kb3 Rg1 47. Kc4 Rxg5 48. Re3 Ne6 49. Kb5 Nd4+ 50. Kxa5 e4+ 51. Kb6 f5 52. a5 f4 53. Rxe4 Nf5 54. Rfxf4 Nd6 55. Re7+ Kh6 56. Rh4+ Rh5 57. Rxh5+ gxh5 58. Re6+ 1-0

[Event "Catalunya-chT Gp2"]
[Site "Barcelona"]
[Date "2024.02.03"]
[Round "3.3"]
[White "Pozanco Romasanta, Marc"]
[Black "Lorenzo de la Riva, Lazaro"]
[Result "0-1"]
[WhiteElo "2033"]
[BlackElo "2419"]
[PlyCount "122"]
[EventDate "2024.01.20"]
[EventType "team-tourn"]
[EventRounds "7"]
[EventCountry "ESP"]
[SourceTitle "CB11_2024"]
[SourceDate "2024.03.13"]
[SourceVersion "1"]
[SourceVersionDate "2024.03.13"]
[SourceQuality "1"]
[WhiteTeam "Llinars"]
[BlackTeam "Barbera"]
[WhiteTeamCountry "ESP"]
[BlackTeamCountry "ESP"]

1. d4 d5 2. c4 e6 3. Nc3 a6 4. cxd5 exd5 5. Nf3 Nf6 6. Bg5 Be6 7. e3 Bd6 8. Bd3 Nbd7 9. 0-0 c6 10. Qc2 Qc7 11. e4 dxe4 12. Nxe4 Nxe4 13. Bxe4 h6 14. Bh4 0-0 15. Bg3 Bxg3 16. hxg3 Nf6 17. Bf5 Bxf5 18. Qxf5 Rad8 19. Rfe1 Qb6 20. Qc5 Qc7 21. Re7 Rd7 22. Rae1 Rfd8 23. R7e5 Rd5 24. Qc2 Qc8 25. Re7 R5d7 26. Qb3 Nd5 27. R7e5 Rd6 28. a3 Rf6 29. Qc2 Nc7 30. Qe4 Rfd6 31. g4 Ne6 32. g5 hxg5 33. Nxg5 Nxg5 34. Rxg5 Rxd4 35. Qe7 R4d5 36. Rg3 R8d6 37. Qe8+ Qxe8 38. Rxe8+ Kh7 39. Rh3+ Rh6 40. Rxh6+ Kxh6 41. Re7 Rb5 42. Re2 Kg5 43. Kf1 Kf5 44. Rd2 Rd5 45. Rc2 c5 46. Ke2 b5 47. Kf3 c4 48. Ke2 Ke5 49. Rc3 Kd6 50. Rh3 a5 51. f4 b4 52. axb4 axb4 53. Rh8 Kc5 54. Rf8 f5 55. Ke3 Rd3+ 56. Ke2 Rb3 57. Rxf5+ Kd4 58. Rf7 Rxb2+ 59. Kf3 c3 60. Rxg7 c2 61. Rc7 Rb3+ 0-1

[Event "Iberoamerican-ch Rapid"]
[Site "Sant Boi"]
[Date "2023.12.09"]
[Round "4"]
[White "Narciso Dublan, Marc"]
[Black "Lorenzo de la Riva, Lazaro"]
[Result "1-0"]
[WhiteElo "2424"]
[BlackElo "2419"]
[PlyCount "99"]
[EventDate "2023.12.09"]
[EventType "swiss (rapid)"]
[EventRounds "9"]
[EventCountry "ESP"]
[SourceTitle "CB50_2023"]
[SourceDate "2023.12.13"]
[SourceVersion "1"]
[SourceVersionDate "2023.12.13"]
[SourceQuality "1"]

1. e4 e5 2. Nf3 Nc6 3. g3 Nf6 4. d3 Bc5 5. Bg2 d6 6. 0-0 0-0 7. c3 h6 8. b4 Bb6 9. Nbd2 a6 10. Bb2 Be6 11. Qc2 Qd7 12. a3 Bh3 13. Rad1 Qg4 14. Nc4 Ba7 15. Bc1 Bxg2 16. Kxg2 Nh5 17. h3 Qe6 18. Nh4 d5 19. Ne3 Bxe3 20. Bxe3 Nf6 21. Nf3 Rfd8 22. Rfe1 Rd7 23. exd5 Nxd5 24. c4 Nxe3+ 25. Rxe3 Nd4 26. Nxd4 Rxd4 27. Qe2 f6 28. Qf3 c6 29. Re4 Rad8 30. Rxd4 Rxd4 31. Re1 Qd6 32. Re3 a5 33. bxa5 Qxa3 34. Qf5 Qd6 35. Qc8+ Kh7 36. Qxb7 f5 37. Qf7 f4 38. Qf5+ Kh8 39. Rxe5 f3+ 40. Kh2 Qb8 41. Re3 Rd8 42. Rxf3 Qb4 43. Qe5 Qb7 44. Rf6 Kg8 45. Qe6+ Kh7 46. Rf7 Qb2 47. a6 Ra8 48. a7 Rxa7 49. Qf5+ Kh8 50. Rf8# 1-0

[Event "ESP-chT CECLUB Div1"]
[Site "Linares"]
[Date "2023.08.26"]
[Round "7.21"]
[White "Espinosa Aranda, Angel"]
[Black "Lorenzo de la Riva, Lazaro"]
[Result "0-1"]
[WhiteElo "2440"]
[BlackElo "2404"]
[PlyCount "58"]
[EventDate "2023.08.20"]
[EventType "team-tourn"]
[EventRounds "7"]
[EventCountry "ESP"]
[SourceTitle "CBM 215 Extra"]
[Source "ChessBase"]
[SourceDate "2023.09.30"]
[SourceVersion "1"]
[SourceVersionDate "2023.09.30"]
[SourceQuality "1"]
[WhiteTeam "Oromana CEN Solutions"]
[BlackTeam "Barbera"]
[WhiteTeamCountry "ESP"]
[BlackTeamCountry "ESP"]

1. e4 e5 2. Nf3 Nc6 3. Nc3 Nf6 4. d4 exd4 5. Nxd4 Bb4 6. Nxc6 bxc6 7. Bd3 d5 8. exd5 0-0 9. 0-0 cxd5 10. Bg5 Be6 11. Ne2 h6 12. Bh4 Bd6 13. Bg3 c5 14. Nf4 Bg4 15. Be2 Bxe2 16. Qxe2 Re8 17. Qf3 Bxf4 18. Bxf4 Qb6 19. b3 Re4 20. Rfe1 Rae8 21. Bd2 R8e5 22. Qg3 Qe6 23. f3 Nh5 24. Qf2 Re2 25. Rxe2 Rxe2 26. Qh4 Rxd2 27. Qxh5 Qe3+ 28. Kh1 Qd4 29. Rg1 Rd1 0-1

[Event "ESP-chT CECLUB Div1"]
[Site "Linares"]
[Date "2023.08.25"]
[Round "6.3"]
[White "Lorenzo de la Riva, Lazaro"]
[Black "Abal Cores, Lucas"]
[Result "1/2-1/2"]
[WhiteElo "2404"]
[BlackElo "2339"]
[PlyCount "178"]
[EventDate "2023.08.20"]
[EventType "team-tourn"]
[EventRounds "7"]
[EventCountry "ESP"]
[SourceTitle "CBM 215 Extra"]
[Source "ChessBase"]
[SourceDate "2023.09.30"]
[SourceVersion "1"]
[SourceVersionDate "2023.09.30"]
[SourceQuality "1"]
[WhiteTeam "Barbera"]
[BlackTeam "Sanxenxo Fontecarmoa"]
[WhiteTeamCountry "ESP"]
[BlackTeamCountry "ESP"]

1. e4 c5 2. Nf3 d6 3. d4 cxd4 4. Nxd4 Nf6 5. Nc3 Nc6 6. Bc4 Qb6 7. Nb3 e6 8. Bf4 Ne5 9. Be2 Bd7 10. Qd2 a6 11. f3 Be7 12. g4 Qc7 13. 0-0-0 b5 14. a3 Rc8 15. Kb1 Nc4 16. Bxc4 bxc4 17. Nc1 e5 18. g5 Nh5 19. Be3 Qb7 20. Nd5 Bd8 21. Ne2 Be6 22. Qe1 Rb8 23. Qb4 0-0 24. Qxb7 Rxb7 25. Nb4 Bb6 26. Bg1 a5 27. Nc6 Bc7 28. Be3 f6 29. gxf6 Rxf6 30. Rhf1 Rf7 31. Bd2 Bh3 32. Rg1 Rxf3 33. Bxa5 Rf6 34. Ne7+ Kf7 35. Bxc7 Kxe7 36. Ba5 g6 37. Bb4 Kd7 38. Rd2 Rb6 39. Nc3 Nf4 40. b3 Be6 41. Kb2 cxb3 42. cxb3 Nh3 43. Rgd1 Rf2 44. Rxf2 Nxf2 45. Rd2 Ng4 46. Nd5 Bxd5 47. exd5 Nf6 48. Bc3 Rb5 49. a4 Rxd5 50. Rf2 Ke6 51. b4 Rd3 52. Re2 Nd5 53. Bd2 Nb6 54. Kc2 Ra3 55. a5 Nc4 56. Bc1 Ra1 57. Re1 d5 58. Kc3 Kd6 59. Rf1 Kc6 60. Rd1 Ra2 61. h4 e4 62. Bg5 e3 63. Kd4 e2 64. Re1 Kb5 65. Kxd5 Kxb4 66. Kd4 Nxa5 67. Kd3 Kc5 68. Rb1 Nb3 69. Re1 Nd4 70. Ke4 Nf5 71. h5 Ng3+ 72. Ke5 Nxh5 73. Rc1+ Kb4 74. Kd4 Kb3 75. Kd3 Ng3 76. Bh4 Nh5 77. Bg5 Ng3 78. Bh4 Nf5 79. Be1 h5 80. Rc8 Ra6 81. Rb8+ Ka2 82. Kxe2 Re6+ 83. Kd1 Ne3+ 84. Kc1 Rd6 85. Rb2+ Ka1 86. Rb1+ Ka2 87. Rb2+ Ka1 88. Rb1+ Ka2 89. Rb2+ Ka1 1/2-1/2

[Event "ESP-chT CECLUB Div1"]
[Site "Linares"]
[Date "2023.08.24"]
[Round "5.3"]
[White "Del Rio de Angelis, Salvador Gabriel"]
[Black "Lorenzo de la Riva, Lazaro"]
[Result "0-1"]
[WhiteElo "2424"]
[BlackElo "2404"]
[PlyCount "120"]
[EventDate "2023.08.20"]
[EventType "team-tourn"]
[EventRounds "7"]
[EventCountry "ESP"]
[SourceTitle "CBM 215 Extra"]
[Source "ChessBase"]
[SourceDate "2023.09.30"]
[SourceVersion "1"]
[SourceVersionDate "2023.09.30"]
[SourceQuality "1"]
[WhiteTeam "Sestao Hotel Naval"]
[BlackTeam "Barbera"]
[WhiteTeamCountry "ESP"]
[BlackTeamCountry "ESP"]

1. d4 f5 2. c4 Nf6 3. e3 e6 4. Bd3 b6 5. Nh3 Bb7 6. 0-0 g6 7. Nc3 Bg7 8. f3 Nh5 9. Bd2 0-0 10. d5 Na6 11. e4 f4 12. a3 c5 13. Rb1 Qe7 14. Ne2 e5 15. g3 d6 16. gxf4 Bc8 17. f5 gxf5 18. exf5 Bxf5 19. Bxf5 Rxf5 20. Ng3 Nxg3 21. hxg3 e4 22. Qe2 e3 23. Bc3 Bxc3 24. bxc3 Qg7 25. g4 Re8 26. Rbd1 Nc7 27. Rd3 Rfe5 28. Re1 b5 29. cxb5 Nxb5 30. Qb2 c4 31. Rdd1 Nc7 32. Qe2 Rf8 33. Kg2 Qf7 34. f4 Re7 35. Qxc4 h5 36. gxh5 Qxh5 37. Qe2 Qh4 38. Qf3 Rf6 39. Kh2 Kf8 40. Re2 Rh7 41. Rxe3 Rxf4 42. Qg3 Qf6 43. Rg1 Rh8 44. Qg5 Rf2+ 45. Kh1 Qf7 46. c4 Ne8 47. Qg6 Nf6 48. Qxf7+ Kxf7 49. Rg2 Rf1+ 50. Rg1 Rf4 51. Rc1 Ne4 52. Kg2 Rg4+ 53. Kf1 Ng3+ 54. Rxg3 Rxg3 55. Nf2 Rxa3 56. c5 dxc5 57. Rxc5 Ra1+ 58. Kg2 Kf6 59. Ng4+ Kf5 60. Rc4 Rg8 0-1

[Event "ESP-ch Rapid"]
[Site "Linares"]
[Date "2023.08.19"]
[Round "3"]
[White "Lorenzo de la Riva, Lazaro"]
[Black "Labiano Hernandez, Juan"]
[Result "0-1"]
[WhiteElo "2404"]
[BlackElo "2323"]
[PlyCount "82"]
[EventDate "2023.08.19"]
[EventType "swiss (rapid)"]
[EventRounds "10"]
[EventCountry "ESP"]
[SourceTitle "CBM 215 Extra"]
[Source "ChessBase"]
[SourceDate "2023.09.30"]
[SourceVersion "1"]
[SourceVersionDate "2023.09.30"]
[SourceQuality "1"]

1. e4 e5 2. Nf3 Nf6 3. Nc3 Nc6 4. Bb5 Bd6 5. d3 h6 6. a3 0-0 7. g4 Nd4 8. Bc4 Nxf3+ 9. Qxf3 Be7 10. g5 hxg5 11. Bxg5 c6 12. Rg1 d6 13. 0-0-0 Nh7 14. Bxe7 Qxe7 15. Rg3 Qf6 16. Qg2 Kh8 17. Rg1 g6 18. h4 Be6 19. Kb1 b5 20. Bxe6 Qxe6 21. Ne2 b4 22. a4 b3 23. c3 c5 24. c4 Qe8 25. Nc3 Nf6 26. h5 Nxh5 27. Rh1 Rg8 28. Qf3 Rg7 29. Rxh5+ gxh5 30. Qf6 Qg8 31. Nd5 Re8 32. Rg5 Qh7 33. Ne7 Rxe7 34. Qxe7 Rxg5 35. Qxg5 Qg6 36. Qc1 h4 37. Qh1 Qg4 38. Kc1 h3 39. Kd2 Qg2 40. Qd1 Qxf2+ 41. Kc3 Qc2+ 0-1

[Event "Titled Tuesday intern op 18th Jul Late"]
[Site "Chess.com INT"]
[Date "2023.07.18"]
[Round "2"]
[White "Lorenzo de la Riva, Lazaro"]
[Black "Garmendia Vega, Gabriel"]
[Result "0-1"]
[WhiteElo "2404"]
[BlackElo "1967"]
[PlyCount "132"]
[EventDate "2023.07.18"]
[EventType "swiss (blitz)"]
[EventRounds "11"]
[EventCountry "USA"]
[SourceTitle "EXT 2024"]
[Source "ChessBase"]
[SourceDate "2023.10.10"]
[SourceVersion "1"]
[SourceVersionDate "2023.10.10"]
[SourceQuality "1"]

1. e4 c5 2. Nf3 d6 3. d4 cxd4 4. Nxd4 Nf6 5. Nc3 a6 6. h4 e5 7. Nb3 Be7 8. Bg5 Be6 9. g3 Nbd7 10. Bg2 Rc8 11. Qd2 b5 12. 0-0 h6 13. Bxf6 Nxf6 14. Rad1 0-0 15. f4 Qb6+ 16. Kh1 Ng4 17. f5 Bxb3 18. axb3 Ne3 19. Nd5 Nxd5 20. exd5 Bf6 21. Be4 Qd4 22. Qxd4 exd4 23. Kh2 Rfe8 24. Bd3 Re5 25. Kh3 Rxd5 26. g4 Re5 27. Rf3 Re3 28. Rxe3 dxe3 29. Rf1 Bxb2 30. Re1 Re8 31. Kg3 Bc3 32. Re2 Bd2 33. Kf3 d5 34. g5 hxg5 35. hxg5 d4 36. Rh2 Rb8 37. f6 g6 38. Ke4 Bc3 39. Kd5 a5 40. Kd6 a4 41. Kc7 Ra8 42. Kb7 Ra5 43. Kb6 a3 44. Rh1 a2 45. b4 a1Q 46. Rxa1 Rxa1 47. Kxb5 Rb1 48. Kc4 Rxb4+ 49. Kd5 Rb1 50. Ke4 Re1 51. Kd5 e2 52. Kc4 Kf8 53. Kd5 Ke8 54. Kc6 Kd8 55. Kd5 Kd7 56. Kc4 Ke6 57. Kb5 Ke5 58. Kc4 Kf4 59. Kb5 Ke3 60. Kc4 Kf2 61. Be4 Rd1 62. Bd5 e1Q 63. Be6 Qe2+ 64. Kc5 Qxe6 65. Kb5 Qd5+ 66. Ka4 Ra1# 0-1

[Event "Titled Tuesday intern op 04th Jul Late"]
[Site "Chess.com INT"]
[Date "2023.07.04"]
[Round "2"]
[White "Lorenzo de la Riva, Lazaro"]
[Black "Kozelov, Roman"]
[Result "0-1"]
[WhiteElo "2404"]
[BlackElo "2089"]
[PlyCount "140"]
[EventDate "2023.07.04"]
[EventType "swiss (blitz)"]
[EventRounds "11"]
[EventCountry "USA"]
[SourceTitle "EXT 2024"]
[Source "ChessBase"]
[SourceDate "2023.10.10"]
[SourceVersion "1"]
[SourceVersionDate "2023.10.10"]
[SourceQuality "1"]

1. e4 e6 2. d4 d5 3. Nc3 Bb4 4. e5 c5 5. a3 Bxc3+ 6. bxc3 Ne7 7. Qg4 Kf8 8. h4 Qa5 9. Bd2 Qa4 10. Nf3 Nbc6 11. h5 h6 12. Bd3 c4 13. Be2 Qxc2 14. Rc1 Qf5 15. Qg3 Qe4 16. Rh4 Nf5 17. Rxe4 Nxg3 18. Rh4 Nxe2 19. Kxe2 b5 20. Rf4 Ke7 21. Rb1 a6 22. Bc1 Rd8 23. a4 Kf8 24. Nh4 Kg8 25. axb5 axb5 26. Rxb5 Ra2+ 27. Kf3 Rc2 28. Bb2 Ba6 29. Rb6 Nb8 30. g4 Nd7 31. Rxa6 Rxb2 32. Ng2 Rb3 33. Ne3 Rxc3 34. Ke2 Rb3 35. Ra7 Rb2+ 36. Kd1 c3 37. Kc1 Nf8 38. Rfxf7 Rdb8 39. Rxg7+ Kh8 40. Rgf7 Re2 41. g5 hxg5 42. Ng4 c2 43. Rxf8+ Rxf8 44. Nf6 Rxf6 45. exf6 Rxf2 46. f7 Kg7 47. Re7 Rxf7 48. Rxe6 Rf4 49. Kxc2 Rxd4 50. Rg6+ Kf7 51. Rxg5 Ke6 52. Kc3 Rh4 53. Kd3 Kd6 54. Rg6+ Kc5 55. h6 Rh3+ 56. Kd2 Kc4 57. Rc6+ Kd4 58. Ke2 Rh2+ 59. Kf3 Kd3 60. Kg3 Rh1 61. Kg4 d4 62. Kg5 Ke2 63. h7 Rxh7 64. Re6+ Kd2 65. Kf4 Rd7 66. Kf3 d3 67. Rc6 Kd1 68. Ke3 d2 69. Rc3 Ke1 70. Kf3 d1Q+ 0-1

[Event "Titled Tuesday intern op 06th Jun Early"]
[Site "Chess.com INT"]
[Date "2023.06.06"]
[Round "3"]
[White "Lorenzo de la Riva, Lazaro"]
[Black "Belov, Alexei"]
[Result "1-0"]
[WhiteElo "2404"]
[BlackElo "2421"]
[PlyCount "97"]
[EventDate "2023.06.06"]
[EventType "swiss (blitz)"]
[EventRounds "11"]
[EventCountry "USA"]
[SourceTitle "EXT 2024"]
[Source "ChessBase"]
[SourceDate "2023.10.10"]
[SourceVersion "1"]
[SourceVersionDate "2023.10.10"]
[SourceQuality "1"]

1. c4 e6 2. Nf3 d5 3. g3 Nf6 4. Bg2 Be7 5. 0-0 0-0 6. b3 c5 7. e3 dxc4 8. bxc4 Nc6 9. Qe2 Qc7 10. Nc3 a6 11. Bb2 b6 12. Rac1 Bb7 13. Rfd1 Rac8 14. Ne1 Rfd8 15. f4 Na5 16. d3 Bxg2 17. Qxg2 Rb8 18. g4 b5 19. g5 Ne8 20. Ne4 bxc4 21. Nf6+ Kh8 22. Nxe8 Rxe8 23. dxc4 f6 24. Ba1 Red8 25. Rxd8+ Rxd8 26. Qe4 Qc6 27. Qxc6 Nxc6 28. gxf6 Bxf6 29. Bxf6 gxf6 30. Nf3 Rd3 31. Kf2 Ra3 32. Rd1 Rxa2+ 33. Kg3 Re2 34. Rd6 Nb4 35. Rxe6 a5 36. Nh4 Kg8 37. Nf5 Kf7 38. Re7+ Kf8 39. Ra7 Nc2 40. Kf3 Rxh2 41. Rxa5 Ne1+ 42. Ke4 h5 43. Ra7 h4 44. Kd5 Rd2+ 45. Ke6 Rd8 46. Kxf6 Ke8 47. Rh7 Nf3 48. e4 Rd1 49. e5 1-0

[Event "Titled Tuesday intern op 06th Jun Early"]
[Site "Chess.com INT"]
[Date "2023.06.06"]
[Round "6"]
[White "Lorenzo de la Riva, Lazaro"]
[Black "Souleidis, Georgios"]
[Result "0-1"]
[WhiteElo "2404"]
[BlackElo "2419"]
[PlyCount "76"]
[EventDate "2023.06.06"]
[EventType "swiss (blitz)"]
[EventRounds "11"]
[EventCountry "USA"]
[SourceTitle "EXT 2024"]
[Source "ChessBase"]
[SourceDate "2023.10.10"]
[SourceVersion "1"]
[SourceVersionDate "2023.10.10"]
[SourceQuality "1"]

1. e4 c5 2. Nc3 e6 3. Nge2 Nc6 4. g3 Nf6 5. Bg2 d6 6. 0-0 Be7 7. d3 0-0 8. f4 Rb8 9. a4 a6 10. h3 Nb4 11. g4 b5 12. axb5 axb5 13. Ng3 Nd7 14. g5 e5 15. h4 exf4 16. Bxf4 Ne5 17. Nf5 Be6 18. Ra7 Nbc6 19. Ra6 Re8 20. Qd2 Bf8 21. Rfa1 Rb6 22. Ne2 Nb4 23. Rxb6 Qxb6 24. Kh1 g6 25. Ne3 Qb7 26. Rf1 Qd7 27. Kh2 Rd8 28. Nc1 Bg7 29. c3 Nbc6 30. Ne2 Ne7 31. Ng3 d5 32. Qe1 dxe4 33. Bxe4 Nxd3 34. Bxd3 Qxd3 35. Ng2 Nf5 36. Ne4 Bd5 37. Nxc5 Qc4 38. Nb7 Bxb7 0-1

[Event "Titled Tuesday intern op 06th Jun Early"]
[Site "Chess.com INT"]
[Date "2023.06.06"]
[Round "4"]
[White "Malek, Jan"]
[Black "Lorenzo de la Riva, Lazaro"]
[Result "0-1"]
[WhiteElo "2370"]
[BlackElo "2404"]
[PlyCount "92"]
[EventDate "2023.06.06"]
[EventType "swiss (blitz)"]
[EventRounds "11"]
[EventCountry "USA"]
[SourceTitle "EXT 2024"]
[Source "ChessBase"]
[SourceDate "2023.10.10"]
[SourceVersion "1"]
[SourceVersionDate "2023.10.10"]
[SourceQuality "1"]

1. f4 b6 2. Nf3 Bb7 3. e3 g6 4. d4 Bg7 5. Bd3 c5 6. 0-0 Nf6 7. c4 cxd4 8. exd4 d5 9. c5 bxc5 10. dxc5 0-0 11. Nc3 Nbd7 12. Be3 Qa5 13. Rb1 Rfc8 14. b4 Qd8 15. Bd4 a5 16. a3 axb4 17. axb4 Ne4 18. Qc2 Ndf6 19. Rfe1 e6 20. Ne5 Ra3 21. Ra1 Rca8 22. Rxa3 Rxa3 23. c6 Bc8 24. b5 Nxc3 25. Bxc3 Qb6+ 26. Kh1 Nh5 27. Bb4 Rxd3 28. Nxd3 Qxb5 29. c7 Bd4 30. Rb1 Nf6 31. Be7 Qa6 32. Rb8 Kg7 33. h3 Ne4 34. Kh2 Qa1 35. Qc1 Qa6 36. Ne5 Bf2 37. Qc2 Qf1 38. Bf8+ Kxf8 39. Rxc8+ Kg7 40. Rg8+ Kxg8 41. c8Q+ Kg7 42. Qxf2 Qxf2 43. Qc7 Qxf4+ 44. Kg1 Ng3 45. h4 Ne2+ 46. Kh1 h5 0-1